Score 0/50 Timer 04:00
0 Plays Today
Name % Correct
Voltaire???
87.9%
Sylvia Plath???
87.7%
Franz Kafka???
86.8%
Virginia Woolf???
86.4%
Danielle Steel???
85%
Beatrix Potter???
83%
Mary Higgins Clark???
81.2%
Upton Sinclair???
78.3%
Edward Hyde???
76.6%
John Watson???
76.5%
Nora Roberts???
76.1%
Tristram Shandy???
75.6%
Antoine de Saint-Exupery???
75.5%
Becky Sharp???
75.5%
Umberto Eco???
75.4%
Adam Smith???
73.8%
George Smiley???
73.2%
Digory Kirke???
72.4%
Jean Brodie???
72.1%
Ernst Stavro Blofeld???
71.4%
Thomas Pynchon???
70.8%
Stephen Dedalus???
69.6%
Saul Bellow???
69.5%
Catherine Earnshaw???
69.1%
Dashiell Hammett???
68.4%
Name % Correct
Patrick Bateman???
68.1%
Madeleine L'Engle???
67.6%
Emma Woodhouse???
67.5%
Alexey Vronsky???
65.8%
Robert Langdon???
65.3%
Randle Patrick McMurphy???
65.2%
Jonathan Livingston Seagull???
64.6%
Alexander Portnoy???
64.3%
Fermina Daza???
64.1%
Anton Chigurh???
62.4%
Carson McCullers???
61.4%
Roland Deschain???
61.1%
Nora Charles???
58.4%
Isabel Archer???
57.8%
Philip Marlowe???
57.6%
Rick Riordan???
56.2%
Erskine Caldwell???
55.4%
Thomas Merton???
53.7%
Lew Wallace???
53.4%
Terry Goodkind???
51.1%
Horatio Alger, Jr.???
48.8%
Irma Rombauer???
48.3%
Shelby Foote???
48%
Eckhart Tolle???
46.9%
Walker Percy???
41.5%
Remove Ads.
Support Sporcle.
Get the best of Sporcle when you Go Orange. This ad-free experience offers more features, more stats, and more fun while also helping to support Sporcle. Thank you for becoming a member.

You're not logged in!

Compare scores with friends on all Sporcle quizzes.
OR
Log In

Show Comments

Extras

Top Quizzes Today


Score Distribution

Your Account Isn't Verified!

In order to create a playlist on Sporcle, you need to verify the email address you used during registration. Go to your Sporcle Settings to finish the process.

Report this User

Report this user for behavior that violates our Community Guidelines.

Details: